000 01004nam0a22003131 4500
001 RU\NLR\A1SV\6688
005 20251203171251.9
035 _a(NLR Aleph) 009692226
090 _a9740785
_c9740785
100 _a20090709d1926 u y0rusy50 ca
101 0 _arus
102 _aRU
200 1 _aОпыт классификации почвообразовательных процессов в связи с генезисом почв
_fС.С.Неуструев
210 _aЛ.
_d1926
215 _a46 с., 2 л. ил.
_d24 см
311 _aОтт. из: Изв. Геогр. ин-та. 1926. Вып.6
320 _aБиблиогр.: с.42-46
620 _dСанкт-Петербург
700 1 _aНеуструев
_bС.С.
_f1874-1928
_gСергей Семенович
801 0 _aRU
_bNLR
_c20090709
899 _aРНБ
_j57-6/3789
899 _aSLK
899 _aВГБ
899 _aСПбГУ
942 _cBOOK
980 _aNB
980 _aA1SV
980 _aA1SV